000 00396nam a2200181Ia 4500
001 640
005 20260306140532.0
008 260306t2011||||xx |||||||||||||| ||spa||
041 _aESP
082 _a128
_bV27 2011
100 _aValverde, Carlos
_eAUT
245 0 _aAntropología filosófica
260 _c2011
300 _a
_c
650 _aGEN
654 _aCHU
942 _cLIB
_dJUS
_fJUS
_2ddc
_n
999 _c640
_d640